Chilias : una biblioteca per descobrir una biblioteca per descobrir
Descripción Física:
1 punt de llibre ; 18 x 4 cm
MARC
| LEADER | 00000nrm a2200000 a 4500 | ||
|---|---|---|---|
| 001 | 24227 | ||
| 008 | 160829s9999 xx 000 0 cat d | ||
| 080 | |a NBM-9-13 | ||
| 245 | |a Chilias : |b una biblioteca per descobrir | ||
| 260 | |a [Barcelona] : |b Diputació de Barcelona, Xarxa de municipis, s.a. | ||
| 300 | |a 1 punt de llibre ; |c 18 x 4 cm | ||
| 650 | 0 | |a Biblioteques públiques |x Barcelona (Catalunya : Província) |9 49209 | |
| 655 | 0 | |a Punts de llibre |9 52700 | |
| 710 | 1 | |a Barcelona (Catalunya : Província). |b Diputació |9 52408 | |
| 856 | |u http://chilias.diba.es | ||
| 901 | |a Arxiu | ||
| 942 | |n 1 |2 udc | ||
| 952 | |0 0 |1 0 |4 0 |6 NBM913 |7 1 |9 55411 |a Arxiu |b Arxiu |d 2016-12-01 |l 0 |o NBM-9-13 |p 24227 |r 2016-12-01 00:00:00 |w 2016-12-01 |y ARXIU | ||
| 999 | |c 59284 |d 59284 | ||